Magyar alkotmánytörténet

Elmentve itt :
Bibliográfiai részletek
Szerzők: Homoki-Nagy Mária
Varga Norbert
Dokumentumtípus: Vegyes gyűjtemény
Megjelent: 2020
Kulcsszavak:jogtörténet
alkotmánytörténet
alkotmány
magyar
Tárgyszavak:
Online Access:http://eta.bibl.u-szeged.hu/4938
LEADER 05756npc a2200529 i 4500
001 eta4938
005 20210218102135.0
008 210218s2020 hu o 0|| hun d
040 |a SZTE Elektronikus Tananyag Archívum  |b hun 
041 |a hun 
100 2 |a Homoki-Nagy Mária 
245 1 0 |a Magyar alkotmánytörténet  |h [elektronikus dokumentum] /  |c  Homoki-Nagy Mária 
246 1 0 |a Hungarian constitutional history  |h [elektronikus dokumentum] 
260 |c 2020 
650 4 |a Társadalomtudományok 
650 4 |a Jogtudomány 
650 4 |a Jog, kriminológia, büntetéstudomány 
650 4 |a Jogtörténet 
695 |a jogtörténet 
695 |a alkotmánytörténet 
695 |a alkotmány 
695 |a magyar 
700 0 1 |a Varga Norbert  |e aut 
856 4 0 |u https://eta.bibl.u-szeged.hu/4938/111/I.%20A%20dualizmuskori%20magyarorsz%C3%A1g%20%C3%A1llamszervezete%20I..mp4  |z Dokumentum-elérés  
856 4 0 |u https://eta.bibl.u-szeged.hu/4938/112/II.%20A%20kiegyez%C3%A9s%20%C3%A1llamszerevezet%20II..mp4  |z Dokumentum-elérés  
856 4 0 |u https://eta.bibl.u-szeged.hu/4938/113/III.%20A%20v%C3%A9grehajt%C3%B3%20hatalom%20az%20%C3%A1prilisi%20t%C3%B6rv%C3%A9nyek%20alapj%C3%A1n.mp4  |z Dokumentum-elérés  
856 4 0 |u https://eta.bibl.u-szeged.hu/4938/114/IV.%20A%20v%C3%A9grehajt%C3%B3%20hatalom%20az%20%C3%A1prilisi%20t%C3%B6rv%C3%A9nyek%20alapj%C3%A1n%20II..mp4  |z Dokumentum-elérés  
856 4 0 |u https://eta.bibl.u-szeged.hu/4938/115/V.%20K%C3%B6zigazgat%C3%A1s%20a%20dualista%20Magyarorsz%C3%A1gon%20I.%20%20.mp4  |z Dokumentum-elérés  
856 4 0 |u https://eta.bibl.u-szeged.hu/4938/116/VI.%20K%C3%B6zigazgat%C3%A1s%20a%20dualista%20Magyarorsz%C3%A1gon%20II.%20.mp4  |z Dokumentum-elérés  
856 4 0 |u https://eta.bibl.u-szeged.hu/4938/117/VII.%20K%C3%B6zigazgat%C3%A1s%20a%20dualista%20Magyarorsz%C3%A1gon%20III.%20%20.mp4  |z Dokumentum-elérés  
856 4 0 |u https://eta.bibl.u-szeged.hu/4938/118/VIII.%20A%20neoabszolutizmus%20%C3%A1llamszervezete.mp4  |z Dokumentum-elérés  
856 4 0 |u https://eta.bibl.u-szeged.hu/4938/119/EFOP343_AP6_Magyar%20alkotm%C3%A1nyt%C3%B6rt%C3%A9net_A%20v%C3%A9grehajt%C3%B3%20hatalom%201848-ban%20II.%20%28helyi%20szervek%29_Homoki-Nagy%20M%C3%A1ria_Varga%20Norbert.pdf.pdf  |z Dokumentum-elérés  
856 4 0 |u https://eta.bibl.u-szeged.hu/4938/120/EFOP343_AP6_Magyar%20alkotm%C3%A1nyt%C3%B6rt%C3%A9net_A%20dualizmus%20kori%20Magyarorsz%C3%A1g%20%C3%A1llamszervezete%20I.%20%28El%C5%91zm%C3%A9nyek%29_Homoki-Nagy%20M%C3%A1ria_Varga%20Norbert.pdf.pdf  |z Dokumentum-elérés  
856 4 0 |u https://eta.bibl.u-szeged.hu/4938/0/EFOP343_AP6_Magyar%20alkotm%C3%A1nyt%C3%B6rt%C3%A9net_A%20kiegyez%C3%A9s%20%C3%A1llamszervezete%20II._Homoki-Nagy%20M%C3%A1ria_Varga%20Norbert.pdf.pdf  |z Dokumentum-elérés  
856 4 0 |u https://eta.bibl.u-szeged.hu/4938/122/EFOP343_AP6_Magyar%20alkotm%C3%A1nyt%C3%B6rt%C3%A9net_A%20v%C3%A9grehajt%C3%B3%20hatalom%201848-ban%20I.%20%C3%A1llamf%C5%91%20korm%C3%A1ny_Homoki-Nagy%20M%C3%A1ria_Varga%20Norbert.pdf.pdf  |z Dokumentum-elérés  
856 4 0 |u https://eta.bibl.u-szeged.hu/4938/123/EFOP343_AP6_Magyar%20alkotm%C3%A1nyt%C3%B6rt%C3%A9net_K%C3%B6zgazgat%C3%A1s%20t%C5%91rt%C3%A9nete%20a%20dualizmusban%20tvh.%20II._Homoki-Nagy%20M%C3%A1ria_Varga%20Norbert.pdf.pdf  |z Dokumentum-elérés  
856 4 0 |u https://eta.bibl.u-szeged.hu/4938/124/EFOP343_AP6_Magyar%20alkotm%C3%A1nyt%C3%B6rt%C3%A9net_K%C3%B6zigazgat%C3%A1s%20a%20dualista%20Magyarorsz%C3%A1gon%20III._Homoki-Nagy%20M%C3%A1ria_Varga%20Norbert.pdf.pdf  |z Dokumentum-elérés  
856 4 0 |u https://eta.bibl.u-szeged.hu/4938/126/EFOP343_AP6_Magyar%20alkotm%C3%A1nyt%C3%B6rt%C3%A9net_Neoabszolutizmus%20%C3%A1llamszervezete_Homoki-Nagy%20M%C3%A1ria_Varga%20Norbert.pdf.pdf  |z Dokumentum-elérés  
856 4 0 |u https://eta.bibl.u-szeged.hu/4938/127/EFOP343_AP6_Magyar%20alkotm%C3%A1nyt%C3%B6rt%C3%A9net_K%C3%B6zigazgat%C3%A1s%20a%20dualista%20Magyarorsz%C3%A1gon%20I._Homoki-Nagy%20M%C3%A1ria_Varga%20Norbert.pdf.pdf  |z Dokumentum-elérés  
856 4 0 |u https://eta.bibl.u-szeged.hu/4938/128/EFOP343_AP6_Magyar%20alkotm%C3%A1nyt%C3%B6rt%C3%A9net_A%20korm%C3%A1nyzati%20hatalom%20k%C3%B6zponti%20szervei_Homoki-Nagy%20M%C3%A1ria_Varga%20Norbert.pdf  |z Dokumentum-elérés  
856 4 0 |u https://eta.bibl.u-szeged.hu/4938/129/EFOP343_AP6_Magyar%20alkotm%C3%A1nyt%C3%B6rt%C3%A9net_A%20kir%C3%A1ly%20jog%C3%A1ll%C3%A1sa_Homoki-Nagy%20M%C3%A1ria_Varga%20Norbert.pdf  |z Dokumentum-elérés  
856 4 0 |u https://eta.bibl.u-szeged.hu/4938/130/EFOP343_AP6_Magyar%20alkotm%C3%A1nyt%C3%B6rt%C3%A9net_A%20rendi%20kori%20orsz%C3%A1ggy%C5%B1l%C3%A9s_Homoki-Nagy%20M%C3%A1ria_Varga%20Norbert.pdf  |z Dokumentum-elérés  
856 4 0 |u https://eta.bibl.u-szeged.hu/4938/131/EFOP343_AP6_Magyar%20alkotm%C3%A1nyt%C3%B6rt%C3%A9net_A%20rendi%20kori%20k%C3%B6zigazgat%C3%A1s%20helyi%20szervei_Homoki-Nagy%20M%C3%A1ria_Varga%20Norbert.pdf  |z Dokumentum-elérés  
856 4 0 |u https://eta.bibl.u-szeged.hu/4938/132/EFOP343_AP6_Magyar%20alkotm%C3%A1nyt%C3%B6rt%C3%A9net_%C3%81llamalap%C3%ADt%C3%A1s_Homoki-Nagy%20M%C3%A1ria_Varga%20Norbert.pdf  |z Dokumentum-elérés  
856 4 0 |u https://eta.bibl.u-szeged.hu/4938/133/EFOP343_AP6_Magyar%20alkotm%C3%A1nyt%C3%B6rt%C3%A9net_Horthy-korszak_Homoki-Nagy%20M%C3%A1ria_Varga%20Norbert.pdf  |z Dokumentum-elérés  
856 4 0 |u https://eta.bibl.u-szeged.hu/4938/134/EFOP343_AP6_Magyar%20alkotm%C3%A1nyt%C3%B6rt%C3%A9net_Rendi%20kori%20magyar%20b%C3%ADr%C3%B3s%C3%A1gi%20szervezet_Homoki-Nagy%20M%C3%A1ria_Varga%20Norbert.pdf  |z Dokumentum-elérés  
856 4 0 |u https://eta.bibl.u-szeged.hu/4938/135/EFOP343_AP6_Magyar%20alkotm%C3%A1nyt%C3%B6rt%C3%A9net_T%C3%B6rv%C3%A9nyhoz%C3%B3%20hatalom%20%C3%A1talak%C3%ADt%C3%A1sa%201848_Homoki-Nagy%20M%C3%A1ria_Varga%20Norbert.pdf  |z Dokumentum-elérés